Welcome to the Holygrace Academy Library

Please use search bar below to get started

IMPROVE YOUR ENGLISH (Record no. 4120)

MARC details
000 -LEADER
fixed length control field 00268nam a22001217a 4500
082 ## - DEWEY DECIMAL CLASSIFICATION NUMBER
Classification number 425
Item number MET/I
100 ## - MAIN ENTRY--AUTHOR NAME
Personal name METCALFE, J. E
245 ## - TITLE STATEMENT
Title IMPROVE YOUR ENGLISH
260 ## - PUBLICATION, DISTRIBUTION, ETC. (IMPRINT)
Place of publication UK
Name of publisher ELIOT RIGHT WAY BOOKS
300 ## - PHYSICAL DESCRIPTION
Number of Pages 188
650 ## - SUBJECT ADDED ENTRY--TOPICAL TERM
Topical Term IMPROVE ENGLISH
Geographic subdivision UK
942 ## - ADDED ENTRY ELEMENTS (KOHA)
Koha item type Books
Holdings
Withdrawn status Lost status Collection code Home library Current library Shelving location Date acquired Source of acquisition Full call number Accession Number Koha item type
    Reference Main Library Main Library SHELF-16C -ENGLISH GRAMMAR SYNONYMS7ANTONYMS,LETTERS, ETC 11/10/2023 PURCHASE 425 MET/I 00794 Books
    Reference Main Library Main Library SHELF-16D -ENGLISH GRAMMAR ,POEMS 15/05/2004 PURCHASE 425 MET/I 00795 Books